Представление документа в формате MARC21

Поле Инд. ПП Название Значение
Тип записи a
Библиографический уровень m
001 Контрольный номер c4cb5138-96a9-4f4a-bc47-058afbd7275e
005 Дата корректировки 20220523105239.6
008 Кодируемые данные 080828
020 a ISBN 978-5-8291-0942-4
040 a Служба первич. каталог. НБ ТвГУ
041 0_ a Код языка текста rus
080 a Индекс УДК 1(430)(091)
084 a Индекс другой классификации/Индекс ББК Ю3(4Гем)61-63
090 x Авторский знак Н 70
a Полочн. индекс Ю3(4Гем)
100 1_ a Автор Ницше Фридрих
e Роль лиц Автор
245 10 a Заглавие Утренняя заря
b Продолж. заглавия мысли о моральных предрассудках
c Ответственность Фридрих Ницше ; перевод с немецкого В. Бакусева
260 0_ a Место издания Москва
b Издательство Академический Проект
c Дата издания 2008
300 a Объем 333, [1] с.
440 _0 a Серия Философские технологии
504 a Библиография Библиогр. в примеч.: с. 312-333
653 0_ a Ключевые слова Немецкая философия
a Ключевые слова Философия
700 1_ a Другие авторы Бакусев В. М.
e Роль лиц пер., авт. предисл., примеч.
852 41 i Расстановочный признак Проверка 2022
901 t Тип документа m
920 a Оператор Семен
a Оператор Петр
930 a Новая/Ретро ретро
952 c Вид литературы К рн
954 a Дата поступления на обработку 20080924
e Дата перешифровки 20220118
954 a Дата поступления на обработку 20220523